000 00805nam a2200217Ia 4500
003 GCL
008 140319s9999 xx 000 0 ara d
040 _aGCL /
_cGCL
082 0 4 _a001.94
_bف ل
100 1 _aفاندنبرج، فيليب
245 1 0 _aلعنة الفراعنة :
_bالتفسير العلمى لظاهرة لعنة الفراعنة الغامضة /
_cفاندنبرج، فيليب
260 _aسوريا :
_bدار قتيبة للطباعة والنشر والتوزيع ،
_c2004
300 _a240 ص ؛
_c24 سم
650 0 4 _aالمقابر
650 0 4 _aالاثار الفرعونية
650 0 4 _aالتحنيط عند الفراعنة
650 0 4 _aالمومياءات
650 0 4 _aالسحر المصرى
650 0 4 _aلعنة الفراعنة
942 _2ddc
_cBK
999 _c8096
_d8096